Tuyển tập truyện ngụ ngôn Êdốp = Fables of Aesop
Salvato in:
| Autore principale: | |
|---|---|
| Natura: | Libro |
| Lingua: | Undetermined |
| Pubblicazione: |
H.
Văn Học
2003
|
| Soggetti: | |
| Tags: |
Aggiungi Tag
Nessun Tag, puoi essere il primo ad aggiungerne! !
|
| Thư viện lưu trữ: | Trung tâm Học liệu Trường Đại học Cần Thơ |
|---|
| LEADER | 00581nam a2200205Ia 4500 | ||
|---|---|---|---|
| 001 | CTU_59272 | ||
| 008 | 210402s9999 xx 000 0 und d | ||
| 020 | |b 16000 | ||
| 082 | |a 398.20938 | ||
| 082 | |b A254 | ||
| 100 | |a Êdốp | ||
| 245 | 0 | |a Tuyển tập truyện ngụ ngôn Êdốp = | |
| 245 | 0 | |b Fables of Aesop | |
| 245 | 0 | |c Êdốp; Bùi Phụng biên dịch | |
| 260 | |a H. | ||
| 260 | |b Văn Học | ||
| 260 | |c 2003 | ||
| 650 | |a folk literature, greek,fables, greek | ||
| 904 | |i Minh | ||
| 980 | |a Trung tâm Học liệu Trường Đại học Cần Thơ | ||